| 000 -LEADER |
| fixed length control field |
00432cam a2200181 i 4500 |
| 003 - CONTROL NUMBER IDENTIFIER |
| control field |
OSt |
| 005 - DATE AND TIME OF LATEST TRANSACTION |
| control field |
20260224110115.0 |
| 008 - FIXED-LENGTH DATA ELEMENTS--GENERAL INFORMATION |
| fixed length control field |
220607s2020 caua 000 0 eng |
| 020 ## - INTERNATIONAL STANDARD BOOK NUMBER |
| International Standard Book Number |
978-8461641369 |
| 042 ## - AUTHENTICATION CODE |
| Authentication code |
pcc |
| 082 ## - DEWEY DECIMAL CLASSIFICATION NUMBER |
| Classification number |
728 |
| 100 1# - MAIN ENTRY--PERSONAL NAME |
| Personal name |
Aurora Fernandez Per |
| 245 10 - TITLE STATEMENT |
| Title |
10 Stories of Collective Housing |
| 260 ## - PUBLICATION, DISTRIBUTION, ETC. (IMPRINT) |
| Name of publisher, distributor, etc |
A+T Architecture Publishers |
| 700 ## - ADDED ENTRY--PERSONAL NAME |
| Personal name |
Javier Mozas |
| 700 ## - ADDED ENTRY--PERSONAL NAME |
| Personal name |
Alex S. Ollero |
| 942 ## - ADDED ENTRY ELEMENTS (KOHA) |
| Source of classification or shelving scheme |
|